[Event "TournoiMI Condom 2013"]
[Site "Condom"]
[Date "????.??.??"]
[Round "1.1"]
[White "Bressac, Stephane"]
[Black "Vedmediuc, Serghei"]
[Result "0-1"]
[WhiteElo "2250"]
[BlackElo "2460"]
[PlyCount "78"]

1. e4 c5 2. Nf3 Nc6 3. d4 cxd4 4. Nxd4 Qb6 5. Nb3 e6 6. Nc3 Qc7 7. Bd3 Nf6 8.
O-O Be7 9. f4 d6 10. Qf3 O-O 11. Bd2 Nb4 12. Kh1 Nxd3 13. cxd3 b6 14. e5 Bb7
15. Qg3 Nh5 16. Qh3 g6 17. Rae1 Rad8 18. Ne4 dxe5 19. fxe5 Qc2 20. Rf3 Bxe4 21.
Rxe4 Bg5 22. Bc3 h6 23. Re1 Nf4 24. Qg4 Nxd3 25. Ref1 Nc5 26. h4 Be7 27. Nd4
Qe4 28. Rf4 Qd5 29. R4f3 Ne4 30. Qf4 Kg7 31. h5 g5 32. Qe3 Nxc3 33. bxc3 Bc5
34. Rf6 Bxd4 35. cxd4 Qxd4 36. Qf3 Qd7 37. Kh2 b5 38. Qg3 Qe7 39. Qe3 Rc8 0-1

[Event "TournoiMI Condom 2013"]
[Site "Condom"]
[Date "????.??.??"]
[Round "1.1"]
[White "Kirk, Ezra"]
[Black "Van Elst, Andreas"]
[Result "1-0"]
[WhiteElo "2290"]
[BlackElo "2279"]
[PlyCount "101"]

1. d4 Nf6 2. c4 g6 3. Nc3 Bg7 4. Nf3 O-O 5. g3 d6 6. Bg2 Nbd7 7. O-O e5 8. e4
c6 9. h3 Qa5 10. Re1 exd4 11. Nxd4 Ne5 12. Bf1 Re8 13. Rb1 a6 14. Be3 c5 15.
Nc2 Be6 16. b4 cxb4 17. Rxb4 Nfd7 18. Nd5 Bxd5 19. exd5 Qxa2 20. Rxb7 Rab8 21.
Nb4 Qa5 22. Nc6 Qxe1 23. Qxe1 Nf3+ 24. Kh1 Nxe1 25. Nxb8 Nxb8 26. Ba7 Nf3 27.
Bxb8 Bf8 28. c5 dxc5 29. d6 Ne5 30. Bxa6 Rd8 31. Bc7 Rxd6 32. Bxd6 Bxd6 33. f4
Nf3 34. Rd7 Bf8 35. Bc4 Bg7 36. Bxf7+ Kf8 37. Bd5 Nd4 38. Rf7+ Kg8 39. Rc7+ Kf8
40. Rxc5 Nf5 41. g4 Ne7 42. Bb3 Bd4 43. Rc4 Bb2 44. Kg2 Ba3 45. Kf3 Bb2 46. Rc7
Bd4 47. Ke4 Bb2 48. h4 Bf6 49. h5 gxh5 50. g5 Bb2 51. f5 1-0

[Event "TournoiMI Condom 2013"]
[Site "Condom"]
[Date "????.??.??"]
[Round "1.1"]
[White "Favarel, Antoine"]
[Black "Milchev, Nikolay"]
[Result "0-1"]
[WhiteElo "2347"]
[BlackElo "2433"]
[PlyCount "78"]

1. d4 Nf6 2. c4 g6 3. g3 Bg7 4. Bg2 O-O 5. Nc3 d6 6. Nf3 Nc6 7. O-O a6 8. Qd3
e5 9. dxe5 dxe5 10. Qxd8 Rxd8 11. Bg5 Re8 12. Nd2 h6 13. Bxf6 Bxf6 14. Nde4 Bd8
15. Nd5 Kg7 16. b4 f5 17. Nc5 Nd4 18. e3 Ne2+ 19. Kh1 c6 20. Rfe1 cxd5 21. Rxe2
dxc4 22. Nxb7 Rb8 23. Nd6 Re6 24. Nxc8 Rxc8 25. Bd5 Rd6 26. e4 fxe4 27. Bxe4 c3
28. Kg2 Rc4 29. Rc1 Bg5 30. Rcc2 Rd2 31. Kf3 Rxe2 32. Rxe2 Bd2 33. a3 Rxe4 34.
Kxe4 c2 35. Rxd2 c1=Q 36. Rd7+ Kf6 37. Rd3 Ke6 38. f3 Qe1+ 39. Re3 Qd2 0-1

[Event "TournoiMI Condom 2013"]
[Site "Condom"]
[Date "????.??.??"]
[Round "1.1"]
[White "Song, Julien"]
[Black "Bellahcene, Bilel"]
[Result "1/2-1/2"]
[WhiteElo "2409"]
[BlackElo "2325"]
[PlyCount "90"]

1. d4 Nf6 2. c4 e6 3. Nc3 Bb4 4. e3 O-O 5. Nge2 d5 6. a3 Bd6 7. c5 Be7 8. b4 b6
9. Nf4 a5 10. Bd2 axb4 11. axb4 Rxa1 12. Qxa1 Nc6 13. Qa4 e5 14. Qxc6 exf4 15.
Be2 fxe3 16. Bxe3 Bd7 17. Qb7 Qb8 18. Qxb8 Rxb8 19. O-O bxc5 20. bxc5 Rb3 21.
Rc1 c6 22. h3 h6 23. g4 Nh7 24. Bd1 Ra3 25. Nb1 Ra7 26. Nd2 Ng5 27. Kg2 Ne6 28.
Nf3 Bf6 29. Rb1 g5 30. Bc2 Kg7 31. Bf5 Nf8 32. Bc2 Bc8 33. Rb8 Ba6 34. Bf5 Ng6
35. Bxg6 Kxg6 36. Ne5+ Bxe5 37. dxe5 Rc7 38. h4 Rc8 39. Rb6 Bb5 40. hxg5 hxg5
41. Rb7 Ra8 42. Rd7 Re8 43. Rd6+ Re6 44. Kg3 Ba6 45. Rxe6+ fxe6 1/2-1/2

[Event "TournoiMI Condom 2013"]
[Site "Condom"]
[Date "????.??.??"]
[Round "1.1"]
[White "Manea, Alexandru"]
[Black "Ouerk, Yanis"]
[Result "0-1"]
[WhiteElo "2389"]
[BlackElo "2248"]
[PlyCount "126"]

1. d4 Nf6 2. c4 g6 3. Nc3 Bg7 4. e4 d6 5. Bg5 O-O 6. Qd2 Na6 7. Bd3 e5 8. d5
Nc5 9. Bc2 a5 10. Nge2 c6 11. O-O cxd5 12. cxd5 Bd7 13. a3 a4 14. Kh1 h6 15.
Bh4 Nfxe4 16. Bxd8 Nxd2 17. Be7 Nxf1 18. Bxf8 Rxf8 19. Rxf1 f5 20. f3 h5 21. g3
Ra8 22. g4 fxg4 23. Bxg6 gxf3 24. Rxf3 Bg4 25. Rg3 Rf8 26. Ng1 Rf6 27. Bc2 Rf2
28. Rg2 Rf1 29. Rg3 e4 30. Nxe4 Nxe4 31. Bxe4 Be5 32. Rd3 Rf2 33. Nf3 Bxf3+ 34.
Rxf3 Rxh2+ 35. Kg1 Rxb2 36. Bf5 Rb3 37. Kg2 Kg7 38. Bd7 Rb2+ 39. Kf1 b5 40. Rh3
Kf6 41. Be8 h4 42. Rxh4 b4 43. Rh3 b3 44. Bxa4 Rb1+ 45. Ke2 b2 46. Bc2 Rc1 47.
Kd3 b1=Q 48. Bxb1 Rxb1 49. Kc4 Rc1+ 50. Kb4 Bd4 51. a4 Ke5 52. Rh5+ Ke4 53. a5
Rb1+ 54. Kc4 Rc1+ 55. Kb4 Be5 56. Kb5 Kxd5 57. Kb6 Rb1+ 58. Ka7 Kc6 59. Rh3
Rb7+ 60. Ka6 Rb8 61. Ka7 Rg8 62. Rd3 d5 63. a6 Bb8+ 0-1

[Event "TournoiMI Condom 2013"]
[Site "Condom"]
[Date "????.??.??"]
[Round "2.1"]
[White "Van Elst, Andreas"]
[Black "Ouerk, Yanis"]
[Result "0-1"]
[WhiteElo "2279"]
[BlackElo "2248"]
[PlyCount "124"]

1. e4 c5 2. Nf3 Nc6 3. d4 cxd4 4. Nxd4 Nf6 5. Nc3 d6 6. Bc4 e6 7. Be3 Be7 8.
Qe2 a6 9. Bb3 Nxd4 10. Bxd4 b5 11. O-O-O Bb7 12. f3 O-O 13. g4 Nd7 14. h4 Qc7
15. g5 Nc5 16. Kb1 Nxb3 17. axb3 Bc6 18. h5 b4 19. Na4 Rab8 20. g6 e5 21. h6
fxg6 22. Qc4+ Rf7 23. hxg7 Bf6 24. Bb6 Qd7 25. Qxb4 Be7 26. Qc4 d5 27. Qxa6 Bb4
28. Nc3 d4 29. Na2 Bd6 30. Qa5 Qe7 31. Bxd4 exd4 32. Rxd4 Bc5 33. Rc4 Bb5 34.
Rc3 Bd4 35. Re1 Qa7 36. Qb4 Rd7 37. Rd1 Be2 38. Rxd4 Rxd4 39. Qc5 Rd1+ 40. Nc1
Qd7 41. Qe3 Ra8 42. b4 Bb5 43. Rc5 Rxc1+ 44. Qxc1 Qa7 45. c4 Qa2+ 46. Kc2 Bxc4
47. Kd2 Rd8+ 48. Ke1 Be6 49. Qc3 Qb1+ 50. Kf2 Qd1 51. Qf6 Qd4+ 52. Qxd4 Rxd4
53. Rc6 Bd7 54. Rc7 Bb5 55. Ke3 Rxb4 56. Kf4 Ba6 57. Ra7 Rb6 58. Kg5 Bb7 59. e5
Kxg7 60. f4 Rb4 61. Kg4 Rxb2 62. f5 Rb4+ 0-1

[Event "TournoiMI Condom 2013"]
[Site "Condom"]
[Date "????.??.??"]
[Round "2.2"]
[White "Milchev, Nikolay"]
[Black "Manea, Alexandru"]
[Result "1/2-1/2"]
[WhiteElo "2433"]
[BlackElo "2389"]
[PlyCount "60"]

1. Nf3 d5 2. c4 c6 3. d4 Nf6 4. Qb3 dxc4 5. Qxc4 Bf5 6. g3 e6 7. Bg2 Nbd7 8.
O-O Be7 9. Nbd2 O-O 10. e3 Rc8 11. Nh4 Bg4 12. h3 Bh5 13. g4 Bg6 14. Nxg6 hxg6
15. Qb3 Qc7 16. a4 Rfd8 17. a5 Rb8 18. Nc4 a6 19. e4 c5 20. d5 exd5 21. exd5 b5
22. axb6 Nxb6 23. d6 Bxd6 24. Nxd6 Qxd6 25. Rxa6 Nfd5 26. Rd1 Qe7 27. Bd2 Nb4
28. Re1 Qf8 29. Bxb4 cxb4 30. Rc1 Rd6 1/2-1/2

[Event "TournoiMI Condom 2013"]
[Site "Condom"]
[Date "????.??.??"]
[Round "2.3"]
[White "Bellahcene, Bilel"]
[Black "Favarel, Antoine"]
[Result "1/2-1/2"]
[WhiteElo "2325"]
[BlackElo "2347"]
[PlyCount "129"]

1. d4 Nf6 2. Nf3 d5 3. c4 e6 4. g3 dxc4 5. Bg2 Nc6 6. Qa4 Bb4+ 7. Bd2 Bd6 8.
O-O O-O 9. Rd1 Bd7 10. Qxc4 e5 11. dxe5 Nxe5 12. Nxe5 Bxe5 13. Bc3 Bxc3 14.
Nxc3 c6 15. Ne4 Nxe4 16. Bxe4 g6 17. Qb4 Qc8 18. Rd6 Bh3 19. Bf3 Qc7 20. Qf4
Be6 21. Rad1 Qe7 22. Qd4 Rfe8 23. a3 a5 24. h4 h5 25. Kh2 a4 26. Qf4 Bb3 27.
Rd7 Qe5 28. R1d4 Rab8 29. e3 Qxf4 30. gxf4 c5 31. R4d6 b5 32. Kg3 b4 33. Rc7
bxa3 34. bxa3 Be6 35. Rxc5 Rb3 36. Ra5 Rxa3 37. Bc6 Rc8 38. Rxa4 Rxa4 39. Bxa4
Rc1 40. Bd1 Rc3 41. Bf3 Kf8 42. Rd1 Ke7 43. Ra1 f5 44. Ra7+ Kf6 45. Kg2 Bf7 46.
Ra6+ Kg7 47. Ra5 Kf6 48. Bd5 Bxd5+ 49. Rxd5 Rc2 50. Rd6+ Kf7 51. Ra6 Rd2 52.
Kf1 Rd1+ 53. Kg2 Rd2 54. Ra1 Rb2 55. Re1 Ke6 56. Kf3 Ra2 57. Re2 Ra1 58. Kg2
Rb1 59. f3 Ra1 60. e4 Ra4 61. Kf2 Rb4 62. Re3 Rb2+ 63. Re2 Rb4 64. Re3 Rb2+ 65.
Re2 1/2-1/2

[Event "TournoiMI Condom 2013"]
[Site "Condom"]
[Date "????.??.??"]
[Round "2.4"]
[White "Vedmediuc, Serghei"]
[Black "Song, Julien"]
[Result "1-0"]
[WhiteElo "2460"]
[BlackElo "2409"]
[PlyCount "59"]

1. e4 Nf6 2. Nc3 d5 3. e5 Ne4 4. Nce2 g6 5. d3 Nc5 6. d4 Ne6 7. f4 c5 8. dxc5
Nxc5 9. Be3 Ne4 10. Ng3 Nxg3 11. hxg3 Nc6 12. Nf3 Bg7 13. c4 e6 14. Qd2 O-O 15.
Bc5 Re8 16. O-O-O Ne7 17. Ng5 h6 18. Ne4 Qc7 19. Bd6 Qd7 20. Nc3 dxc4 21. Bxc4
a6 22. g4 b5 23. Bd3 Bb7 24. f5 exf5 25. Rxh6 b4 26. Rdh1 bxc3 27. bxc3 Be4 28.
Rh7 f6 29. Bc4+ Kf8 30. Rh8+ 1-0

[Event "TournoiMI Condom 2013"]
[Site "Condom"]
[Date "????.??.??"]
[Round "2.5"]
[White "Kirk, Ezra"]
[Black "Bressac, Stephane"]
[Result "1-0"]
[WhiteElo "2290"]
[BlackElo "2250"]
[PlyCount "159"]

1. d4 Nf6 2. c4 c5 3. d5 g6 4. Nc3 Bg7 5. e4 d6 6. Bd3 O-O 7. Nge2 e6 8. O-O
exd5 9. exd5 Re8 10. Ng3 Ng4 11. Be2 Nh6 12. Bf4 Nf5 13. Nxf5 Bxf5 14. Bg4 Bxg4
15. Qxg4 Nd7 16. Qg3 Ne5 17. b3 f5 18. Rae1 a6 19. Re2 Qd7 20. a4 Qf7 21. Rfe1
h6 22. Bd2 g5 23. f4 gxf4 24. Bxf4 Kh7 25. Kh1 Bf6 26. Bxe5 Bxe5 27. Qh3 Qf6
28. Nd1 Rg8 29. Ne3 Raf8 30. Rf1 Rg5 31. Ref2 f4 32. Nc2 Qg6 33. Ne1 Rg8 34.
Qd3 Qxd3 35. Nxd3 f3 36. Rxf3 Rxg2 37. Nxe5 dxe5 38. Rf7+ R8g7 39. Rxg7+ Rxg7
40. Rf5 Re7 41. d6 Re6 42. d7 Rd6 43. Rxe5 Rxd7 44. Rxc5 Kg6 45. b4 Rd1+ 46.
Kg2 Rd2+ 47. Kg3 Rb2 48. b5 axb5 49. axb5 Rc2 50. h4 h5 51. b6 Rb2 52. Rg5+ Kh6
53. c5 Rb4 54. Rd5 Kg6 55. Rd7 Rc4 56. Rc7 Kf5 57. Rc8 Rc3+ 58. Kf2 Rb3 59. Ke2
Kg4 60. Kd2 Kxh4 61. Rc7 Kg3 62. Rxb7 h4 63. Rg7+ Kh2 64. b7 h3 65. c6 Kh1 66.
Rh7 h2 67. c7 Rxb7 68. Rxh2+ Kxh2 69. c8=Q Rb2+ 70. Kc3 Rg2 71. Qh8+ Kg3 72.
Kd3 Rf2 73. Qg7+ Kf4 74. Qf6+ Kg3 75. Qg5+ Kf3 76. Qh5+ Kg3 77. Ke3 Rf1 78.
Qg5+ Kh3 79. Ke2 Rh1 80. Kf2 1-0

[Event "TournoiMI Condom 2013"]
[Site "Condom"]
[Date "????.??.??"]
[Round "3.1"]
[White "Bressac, Stephane"]
[Black "Van Elst, Andreas"]
[Result "1-0"]
[WhiteElo "2250"]
[BlackElo "2279"]
[PlyCount "63"]

1. e4 c5 2. Nc3 a6 3. g3 b5 4. Bg2 Bb7 5. d3 e6 6. Nh3 Nf6 7. O-O d6 8. f4 Be7
9. Qe2 Nc6 10. Be3 O-O 11. g4 d5 12. g5 d4 13. gxf6 Bxf6 14. e5 Be7 15. Ne4
dxe3 16. c3 Qc7 17. Qxe3 Nb8 18. Qg3 Nd7 19. Rf2 Bd5 20. Kh1 Qd8 21. Neg5 h6
22. Bxd5 exd5 23. Nf3 Re8 24. Rg1 Bf8 25. d4 f6 26. Nh4 cxd4 27. cxd4 Qb6 28.
Nf5 Ra7 29. Nxh6+ Kh8 30. Nf5 Kg8 31. Qh4 Kf7 32. exf6 1-0

[Event "TournoiMI Condom 2013"]
[Site "Condom"]
[Date "????.??.??"]
[Round "3.2"]
[White "Song, Julien"]
[Black "Kirk, Ezra"]
[Result "1/2-1/2"]
[WhiteElo "2409"]
[BlackElo "2290"]
[PlyCount "45"]

1. d4 Nf6 2. Nf3 g6 3. g3 Bg7 4. Bg2 O-O 5. O-O d6 6. a4 a5 7. Nc3 d5 8. Re1
Ne4 9. Nxe4 dxe4 10. Ne5 Nd7 11. Nxd7 Qxd7 12. c3 Qd5 13. Qc2 f5 14. f3 exf3
15. exf3 Bf6 16. f4 Qf7 17. b3 Be6 18. Rb1 Bd5 19. Bxd5 Qxd5 20. Ba3 Rfe8 21.
Qg2 e6 22. Red1 Rad8 23. Rd2 1/2-1/2

[Event "TournoiMI Condom 2013"]
[Site "Condom"]
[Date "????.??.??"]
[Round "3.3"]
[White "Favarel, Antoine"]
[Black "Vedmediuc, Serghei"]
[Result "1/2-1/2"]
[WhiteElo "2347"]
[BlackElo "2460"]
[PlyCount "32"]

1. d4 Nf6 2. c4 e6 3. Nc3 Bb4 4. e3 c5 5. Nge2 cxd4 6. exd4 d5 7. a3 Be7 8.
cxd5 Nxd5 9. Nxd5 exd5 10. Nf4 O-O 11. Be2 Nc6 12. Bf3 Bf6 13. Be3 Re8 14. O-O
Be6 15. b4 Qd6 16. Qd2 g6 1/2-1/2

[Event "TournoiMI Condom 2013"]
[Site "Condom"]
[Date "????.??.??"]
[Round "3.4"]
[White "Manea, Alexandru"]
[Black "Bellahcene, Bilel"]
[Result "1/2-1/2"]
[WhiteElo "2389"]
[BlackElo "2325"]
[PlyCount "76"]

1. Nf3 Nf6 2. c4 c5 3. Nc3 Nc6 4. d4 cxd4 5. Nxd4 e6 6. Ndb5 d5 7. Bf4 e5 8.
cxd5 exf4 9. dxc6 bxc6 10. Qxd8+ Kxd8 11. Rd1+ Bd7 12. Nd6 Bxd6 13. Rxd6 Rb8
14. Rd2 Re8 15. f3 Kc7 16. g3 Rb4 17. Kf2 g5 18. Bg2 h5 19. b3 Bc8 20. Rc1 Re5
21. Na4 Re6 22. Nc5 Rd6 23. Rxd6 Kxd6 24. gxf4 gxf4 25. Ne4+ Nxe4+ 26. fxe4 Bd7
27. Kf3 a5 28. Kxf4 a4 29. h4 axb3 30. axb3 Bg4 31. Rc3 Bxe2 32. Kf5 Ke7 33.
Bf3 Bxf3 34. Rxf3 Rb5+ 35. Kf4 f5 36. exf5 Kf6 37. Rc3 Rxf5+ 38. Ke4 c5 1/2-1/2

[Event "TournoiMI Condom 2013"]
[Site "Condom"]
[Date "????.??.??"]
[Round "3.5"]
[White "Ouerk, Yanis"]
[Black "Milchev, Nikolay"]
[Result "1-0"]
[WhiteElo "2248"]
[BlackElo "2433"]
[PlyCount "125"]

1. d4 Nf6 2. c4 g6 3. Nc3 Bg7 4. e4 O-O 5. Nf3 d6 6. Be2 e5 7. O-O exd4 8. Nxd4
Re8 9. f3 c6 10. Kh1 Nh5 11. g4 Nf6 12. Bf4 h5 13. Nf5 gxf5 14. gxf5 Kh7 15.
Rg1 Rg8 16. Qd2 Nbd7 17. Rg2 Bf8 18. Bg5 Rxg5 19. Qxg5 Bh6 20. Qg3 Qe7 21. Rd1
b6 22. Qxd6 Qxd6 23. Rxd6 Bf4 24. Rd1 Ba6 25. c5 Nxc5 26. b4 Bxe2 27. Nxe2 Be3
28. bxc5 Bxc5 29. Nf4 Re8 30. Re2 Kh6 31. h4 Rg8 32. e5 Nd5 33. Nxd5 cxd5 34.
e6 d4 35. Re4 fxe6 36. fxe6 Rd8 37. Kg2 Kg6 38. Kf1 Kf5 39. Ke2 Re8 40. Kd3
Rxe6 41. Rxe6 Kxe6 42. Ke4 Be7 43. Rxd4 Bxh4 44. Rd5 Bf6 45. Rxh5 a6 46. f4 b5
47. f5+ Kf7 48. Rh1 a5 49. Rc1 Be7 50. Rc7 Kf6 51. Rc6+ Kf7 52. Rb6 b4 53. Ke5
a4 54. f6 Bf8 55. Kf5 Bc5 56. Rb7+ Ke8 57. Ke6 Kd8 58. Rb5 Bf8 59. Rb8+ Kc7 60.
Rxf8 b3 61. axb3 axb3 62. Rh8 b2 63. Rh1 1-0

[Event "TournoiMI Condom 2013"]
[Site "Condom"]
[Date "????.??.??"]
[Round "4.1"]
[White "Van Elst, Andreas"]
[Black "Milchev, Nikolay"]
[Result "0-1"]
[WhiteElo "2279"]
[BlackElo "2433"]
[PlyCount "76"]

1. e4 e5 2. Nf3 Nf6 3. d4 Nxe4 4. Bd3 Nc6 5. dxe5 d5 6. Bf4 Bg4 7. h3 Bh5 8.
O-O Bc5 9. c3 O-O 10. b4 Bb6 11. a4 a6 12. a5 Ba7 13. Qe2 f5 14. b5 axb5 15.
Bxb5 g5 16. Bxc6 bxc6 17. Be3 c5 18. Qa6 f4 19. Bc1 Bb6 20. Qb5 Be8 21. Qe2
Bxa5 22. c4 c6 23. Rd1 Bg6 24. Bd2 Bxd2 25. Rxa8 Qxa8 26. Nfxd2 Qa2 27. Qg4
Nxd2 28. Nxd2 Qc2 29. Nf1 d4 30. Ra1 Qf5 31. Qf3 Qe4 32. Qg4 Qxe5 33. Qd7 d3
34. Ra7 Qd4 35. Qg4 f3 36. Qxg5 fxg2 37. Qxg2 d2 38. Nxd2 Qxd2 0-1

[Event "TournoiMI Condom 2013"]
[Site "Condom"]
[Date "????.??.??"]
[Round "4.2"]
[White "Bellahcene, Bilel"]
[Black "Ouerk, Yanis"]
[Result "1/2-1/2"]
[WhiteElo "2325"]
[BlackElo "2248"]
[PlyCount "35"]

1. e4 c5 2. Nf3 Nc6 3. d4 cxd4 4. Nxd4 Nf6 5. Nc3 d6 6. Bg5 e6 7. Qd2 Be7 8.
O-O-O O-O 9. f4 Nxd4 10. Qxd4 h6 11. Bh4 Qa5 12. e5 dxe5 13. Qxe5 b5 14. Qxb5
Qc7 15. Qc4 Qb6 16. Qb5 Qc7 17. Qc4 Qb6 18. Qb5 1/2-1/2

[Event "TournoiMI Condom 2013"]
[Site "Condom"]
[Date "????.??.??"]
[Round "4.3"]
[White "Vedmediuc, Serghei"]
[Black "Manea, Alexandru"]
[Result "1/2-1/2"]
[WhiteElo "2460"]
[BlackElo "2389"]
[PlyCount "45"]

1. d4 Nf6 2. c4 g6 3. Nc3 Bg7 4. e4 d6 5. Nf3 O-O 6. Be2 e5 7. dxe5 dxe5 8.
Qxd8 Rxd8 9. Bg5 Re8 10. Nd5 Nxd5 11. cxd5 c6 12. Bc4 b5 13. Bb3 a5 14. a3 Ra6
15. O-O cxd5 16. Bxd5 Be6 17. Rfd1 h6 18. Be3 Nc6 19. Bxe6 Rxe6 20. Rac1 Nd4
21. Nxd4 exd4 22. Bxd4 Rxe4 23. Bxg7 1/2-1/2

[Event "TournoiMI Condom 2013"]
[Site "Condom"]
[Date "????.??.??"]
[Round "4.4"]
[White "Kirk, Ezra"]
[Black "Favarel, Antoine"]
[Result "1-0"]
[WhiteElo "2290"]
[BlackElo "2347"]
[PlyCount "49"]

1. e4 e5 2. Nf3 Nc6 3. Bb5 a6 4. Ba4 Nge7 5. Nc3 g6 6. d4 b5 7. Bb3 exd4 8. Ng5
Bg7 9. Nxf7 dxc3 10. bxc3 Bxc3+ 11. Bd2 Bg7 12. Nxd8 Nxd8 13. a4 Bb7 14. axb5
axb5 15. Rxa8 Bxa8 16. O-O Ndc6 17. Bf4 Ne5 18. Bxe5 Bxe5 19. f4 Bb2 20. Qd3
Bc6 21. c3 Rf8 22. f5 Ba3 23. f6 Bc5+ 24. Kh1 Nc8 25. e5 1-0

[Event "TournoiMI Condom 2013"]
[Site "Condom"]
[Date "????.??.??"]
[Round "4.5"]
[White "Bressac, Stephane"]
[Black "Song, Julien"]
[Result "0-1"]
[WhiteElo "2250"]
[BlackElo "2409"]
[PlyCount "108"]

1. e4 Nf6 2. Nc3 d5 3. e5 Ne4 4. d3 Nxc3 5. bxc3 c5 6. f4 Nc6 7. Be2 g6 8. Nf3
Bg7 9. O-O O-O 10. Be3 d4 11. cxd4 cxd4 12. Bf2 f6 13. exf6 exf6 14. Nd2 Qc7
15. Bg3 f5 16. Bf3 Be6 17. Re1 Bf7 18. Nc4 Rae8 19. Rb1 b6 20. Qd2 Kh8 21. Ne5
Nxe5 22. fxe5 Be6 23. Re2 Bxa2 24. e6 f4 25. e7 Bxb1 26. exf8=Q+ Rxf8 27. Bh4
Qc3 28. Qc1 Ba2 29. Be1 Qc5 30. Qb2 Bg8 31. Bb4 Qb5 32. Re7 Rf7 33. Rxf7 Bxf7
34. Qa3 a5 35. Be1 Qe5 36. Bd2 Kg8 37. h3 Qc7 38. Qa4 Be5 39. Qb5 Kg7 40. Be1
Bf6 41. Kh2 Qe5 42. Qb1 Qc5 43. Bd2 Be5 44. Qc1 a4 45. Qe1 Bd6 46. c3 Be5 47.
c4 Bd6 48. Qe4 a3 49. Bc1 b5 50. cxb5 Qxc1 51. Qxd4+ Kg8 52. Qxd6 a2 53. Qd8+
Kg7 54. Qd4+ Kh6 0-1

[Event "TournoiMI Condom 2013"]
[Site "Condom"]
[Date "????.??.??"]
[Round "5.1"]
[White "Song, Julien"]
[Black "Van Elst, Andreas"]
[Result "1-0"]
[WhiteElo "2409"]
[BlackElo "2279"]
[PlyCount "89"]

1. Nf3 Nf6 2. g3 g6 3. Bg2 Bg7 4. O-O O-O 5. d4 d6 6. a4 Na6 7. Nc3 c5 8. d5
Nb4 9. h3 e6 10. dxe6 fxe6 11. e4 d5 12. Ng5 h6 13. e5 Ne8 14. Nf3 Kh7 15. h4
b6 16. Re1 Ba6 17. Ne2 d4 18. Nf4 Nc7 19. Nh2 Nbd5 20. Qg4 Nxf4 21. Bxf4 h5 22.
Qd1 Nd5 23. Bg5 Qe8 24. Be4 Kg8 25. a5 Qf7 26. f4 Ne3 27. Qd2 Bb7 28. Rxe3 dxe3
29. Qxe3 Bxe4 30. Qxe4 Rab8 31. a6 Kh7 32. Rd1 Rbc8 33. Nf3 Kg8 34. Rd6 Rfe8
35. Qa4 Qf5 36. Rd7 b5 37. Qxb5 Qe4 38. Qb7 Qxb7 39. axb7 Rb8 40. Be7 Bf8 41.
Bd6 Bxd6 42. exd6 Red8 43. Rxd8+ Rxd8 44. Ne5 Rb8 45. d7 1-0

[Event "TournoiMI Condom 2013"]
[Site "Condom"]
[Date "????.??.??"]
[Round "5.2"]
[White "Favarel, Antoine"]
[Black "Bressac, Stephane"]
[Result "1-0"]
[WhiteElo "2347"]
[BlackElo "2250"]
[PlyCount "52"]

1. d4 Nf6 2. c4 g6 3. Nc3 Bg7 4. g3 O-O 5. Bg2 c5 6. Nf3 cxd4 7. Nxd4 Nc6 8.
O-O Nxd4 9. Qxd4 d6 10. Qd3 a6 11. Be3 Ng4 12. Bd4 Ne5 13. Qe4 Rb8 14. Ba7 Ra8
15. Bd4 Rb8 16. Rfd1 b5 17. c5 b4 18. Nd5 e6 19. Nb6 Bb7 20. Qf4 g5 21. Qc1
Bxg2 22. Kxg2 d5 23. e4 Nd3 24. Rxd3 dxe4 25. Bxg7 exd3 26. Bxf8 Kxf8 1-0

[Event "TournoiMI Condom 2013"]
[Site "Condom"]
[Date "????.??.??"]
[Round "5.3"]
[White "Manea, Alexandru"]
[Black "Kirk, Ezra"]
[Result "1/2-1/2"]
[WhiteElo "2389"]
[BlackElo "2290"]
[PlyCount "98"]

1. d4 Nf6 2. c4 g6 3. Nf3 Bg7 4. g3 O-O 5. Bg2 d6 6. O-O Nc6 7. Nc3 a6 8. Bf4
Bg4 9. h3 Bxf3 10. Bxf3 Nd7 11. Bxc6 bxc6 12. Qd2 e5 13. dxe5 Nxe5 14. b3 f5
15. Kg2 Nf7 16. Rac1 Qe7 17. h4 Rae8 18. Rfe1 Nd8 19. Bg5 Qf7 20. Bxd8 Rxd8 21.
e3 h6 22. Qe2 Bxc3 23. Rxc3 Qf6 24. Rcc1 c5 25. Qd2 Qe5 26. Qd5+ Kg7 27. Qxe5+
dxe5 28. Red1 c6 29. Kf3 h5 30. Ke2 Kf6 31. Rxd8 Rxd8 32. Rd1 Rxd1 33. Kxd1 g5
34. f4 exf4 35. exf4 gxh4 36. gxh4 Ke6 37. Kc2 Kd6 38. Kb2 Kc7 39. Ka3 Kb6 40.
Ka4 a5 41. a3 Ka6 42. b4 axb4 43. axb4 Kb6 44. b5 cxb5+ 45. cxb5 Ka7 46. Kb3
Kb7 47. Kc3 Kc7 48. Kb3 Kb7 49. Kc3 Kc7 1/2-1/2

[Event "TournoiMI Condom 2013"]
[Site "Condom"]
[Date "????.??.??"]
[Round "5.4"]
[White "Ouerk, Yanis"]
[Black "Vedmediuc, Serghei"]
[Result "0-1"]
[WhiteElo "2248"]
[BlackElo "2460"]
[PlyCount "106"]

1. d4 d5 2. c4 c6 3. Nf3 Nf6 4. Nc3 dxc4 5. a4 e6 6. e4 Bb4 7. e5 Nd5 8. Bd2 b5
9. axb5 Bxc3 10. bxc3 cxb5 11. Ng5 Nc6 12. h4 Rb8 13. Qh5 Qe7 14. Rh3 b4 15.
Bxc4 bxc3 16. Bxc3 Nf4 17. Qxf7+ Qxf7 18. Nxf7 O-O 19. Nd6 Nxh3 20. gxh3 Rf3
21. Rc1 Bd7 22. d5 Rxc3 23. Rxc3 Nxe5 24. Bb3 exd5 25. Bxd5+ Kf8 26. Ra3 Rb4
27. Re3 Ng6 28. Be6 Rb1+ 29. Kd2 Rb6 30. Rf3+ Ke7 31. Nc8+ Kxe6 32. Nxb6 axb6
33. h5 Ne5 34. Rf8 Ke7 35. Rf4 Bxh3 36. Rb4 h6 37. Ke3 Nd7 38. Kf4 Be6 39. Rb1
Bc4 40. Re1+ Kf7 41. Rd1 Nf6 42. Kf5 b5 43. Rd6 Nxh5 44. Rd7+ Kg8 45. Rb7 Kh7
46. f4 Nf6 47. Ke5 Nd5 48. Kf5 h5 49. Kg5 h4 50. Kxh4 Nxf4 51. Kg5 Nd3 52. Kf5
b4 53. Rc7 b3 0-1

[Event "TournoiMI Condom 2013"]
[Site "Condom"]
[Date "????.??.??"]
[Round "5.5"]
[White "Milchev, Nikolay"]
[Black "Bellahcene, Bilel"]
[Result "1-0"]
[WhiteElo "2433"]
[BlackElo "2325"]
[PlyCount "43"]

1. Nf3 Nf6 2. g3 d5 3. Bg2 e6 4. O-O Be7 5. d3 c5 6. Nbd2 Nc6 7. e4 O-O 8. Re1
Qc7 9. e5 Nd7 10. Qe2 b5 11. c3 a5 12. Nf1 Ba6 13. h4 Rae8 14. Bf4 Qb6 15. Bh3
a4 16. a3 b4 17. Ne3 Ndb8 18. Ng5 Nd8 19. c4 h6 20. Qh5 f6 21. exf6 Bxf6 22.
Nxd5 1-0

[Event "TournoiMI Condom 2013"]
[Site "Condom"]
[Date "????.??.??"]
[Round "6.1"]
[White "Van Elst, Andreas"]
[Black "Bellahcene, Bilel"]
[Result "0-1"]
[WhiteElo "2279"]
[BlackElo "2325"]
[PlyCount "82"]

1. e4 e6 2. d4 d5 3. Nc3 Bb4 4. e5 c5 5. a3 Bxc3+ 6. bxc3 Ne7 7. a4 Qc7 8. Nf3
b6 9. Bb5+ Bd7 10. Bd3 Nbc6 11. O-O Ng6 12. h4 c4 13. Be2 h5 14. g3 f6 15. Ne1
O-O-O 16. Bxh5 Nge7 17. exf6 gxf6 18. Ng2 Rdg8 19. Re1 Rg7 20. Bf4 Qd8 21. Kf1
Qg8 22. Bf3 Qh7 23. h5 Nf5 24. Qc1 Qg8 25. Qa3 Be8 26. Ne3 Bxh5 27. Bxh5 Nxe3+
28. Rxe3 Rxh5 29. Qd6 Nd8 30. Ke2 e5 31. dxe5 Rd7 32. Qxf6 Ne6 33. Rf1 d4 34.
Re4 d3+ 35. cxd3 cxd3+ 36. Kd2 Kb7 37. Rc4 Qg4 38. f3 Rh2+ 39. Kc1 d2+ 40. Bxd2
Qxc4 41. Rd1 Nc5 0-1

[Event "TournoiMI Condom 2013"]
[Site "Condom"]
[Date "????.??.??"]
[Round "6.2"]
[White "Vedmediuc, Serghei"]
[Black "Milchev, Nikolay"]
[Result "1/2-1/2"]
[WhiteElo "2460"]
[BlackElo "2433"]
[PlyCount "39"]

1. e4 e5 2. Nf3 Nf6 3. Nxe5 d6 4. Nf3 Nxe4 5. Qe2 Qe7 6. d3 Nf6 7. Bg5 Qxe2+ 8.
Bxe2 Be7 9. Nc3 c6 10. O-O Na6 11. Rfe1 Nc7 12. d4 O-O 13. Bd3 Re8 14. h3 h6
15. Bh4 Bd7 16. Bg3 Bf8 17. Rxe8 Rxe8 18. Re1 Rxe1+ 19. Nxe1 Ncd5 20. Nxd5
1/2-1/2

[Event "TournoiMI Condom 2013"]
[Site "Condom"]
[Date "????.??.??"]
[Round "6.3"]
[White "Kirk, Ezra"]
[Black "Ouerk, Yanis"]
[Result "1-0"]
[WhiteElo "2290"]
[BlackElo "2248"]
[PlyCount "127"]

1. d4 Nf6 2. c4 g6 3. Nf3 Bg7 4. g3 O-O 5. Bg2 d6 6. O-O c6 7. Nc3 Qa5 8. h3 e5
9. e4 Nbd7 10. Re1 exd4 11. Nxd4 Ne5 12. Bf1 Re8 13. Be3 c5 14. Nb3 Qb4 15. Nd2
Qb6 16. b3 a6 17. Nf3 Qa5 18. Rc1 Nxf3+ 19. Qxf3 Nd7 20. Nd5 Ne5 21. Qe2 Be6
22. Red1 Nc6 23. Bg2 Nd4 24. Bxd4 cxd4 25. b4 Qd8 26. Nf4 Qd7 27. h4 Rac8 28.
a3 Rc7 29. Kh2 Be5 30. Nxe6 Qxe6 31. Qd3 Qe7 32. f4 Bxf4 33. gxf4 Qxh4+ 34. Kg1
Qxf4 35. Qxd4 Rce7 36. Rf1 Qg5 37. Rc3 Rxe4 38. Qxd6 Rg4 39. Qd5 Qe7 40. Rcf3
Rf8 41. c5 h5 42. Qd2 a5 43. Rf4 Rg3 44. R1f3 Rg5 45. Re3 Re5 46. Rxe5 Qxe5 47.
Qd4 Qg5 48. Kh2 Qe7 49. Re4 Qg5 50. bxa5 f5 51. Re3 Kh7 52. Rg3 Qe7 53. Qd6 Qg7
54. a6 Rf6 55. axb7 Rxd6 56. b8=Q Rd4 57. Qb7 Rd7 58. Qb8 h4 59. Re3 Rc7 60. c6
f4 61. Re6 Rf7 62. Qe5 Qf8 63. Be4 Rg7 64. Re8 1-0